La otra tradición : (Record no. 381)

MARC details
000 -LEADER
campo de control de longitud fija 01656cam a2200325 a 4500
001 - NÚMERO DE CONTROL
campo de control 9198044
005 - FECHA Y HORA DE LA ÚLTIMA TRANSACCIÓN
campo de control 20220326193307.0
008 - DATOS DE LONGITUD FIJA--INFORMACIÓN GENERAL
campo de control de longitud fija 111207s2011 gt ao 000 0 mul d
020 ## - NÚMERO INTERNACIONAL ESTÁNDAR DEL LIBRO
Número Internacional Estándar del Libro 9789929810600
020 ## - NÚMERO INTERNACIONAL ESTÁNDAR DEL LIBRO
Número Internacional Estándar del Libro 9929810609
035 ## - NÚMERO DE CONTROL DEL SISTEMA
Número de control de sistema (OCoLC)ocn769185671
035 ## - NÚMERO DE CONTROL DEL SISTEMA
Número de control de sistema (OCoLC)769185671
035 ## - NÚMERO DE CONTROL DEL SISTEMA
Número de control de sistema (NNC)9198044
040 ## - FUENTE DE CATALOGACIÓN
Centro catalogador/agencia de origen BP1
Centro/agencia transcriptor BP1
041 0# - CÓDIGO DE IDIOMA
Código de lengua del texto/banda sonora o título independiente spa
-- eng
043 ## - CÓDIGO DE ÁREA GEOGRÁFICA
Código de área geográfica ncho---
245 03 - MENCIÓN DEL TÍTULO
Título La otra tradición :
Resto del título un encuentro con el arte contemporáneo en Honduras, 2000 - 2010 /
Mención de responsabilidad, etc. [compilador Adán Vallecillo ; textos, Karenia Cintra, Ramón Caballero,... et al.].
246 30 - FORMA VARIANTE DEL TITULO
Título propio/Titulo breve Encuentro con el arte contemporáneo en Honduras, 2000 - 2010
250 ## - MENCION DE EDICION
Mención de edición 1a ed.
260 ## - PUBLICACIÓN, DISTRIBUCIÓN, ETC.
Lugar de publicación, distribución, etc. Ciudad de Guatemala :
Nombre del editor, distribuidor, etc. Consultores de Arte,
Fecha de publicación, distribución, etc. 2011.
300 ## - DESCRIPCIÓN FÍSICA
Extensión 253 p. :
Otras características físicas ill. (some col.) ;
Dimensiones 26 cm.
505 0# - NOTA DE CONTENIDO CON FORMATO
Nota de contenido con formato Can we speak of a favorable environment for contemporary art in Chile? /Adán Vallecillo -- Honduras: depths and abysses ... neither good or bad intentions /Karenia Cintra -- Emergencies and revisions / Ramón Caballero -- Transit channels: thenearby places of contemporary art / Ramón Caballero -- Tegucigalpa: the city ofphotogram / Manuel Torres Funes -- Sociological approaches in today's art in Honduras.Craftsmanship and virtues of a renewed critical thinking / Adán Vallecillo -- Notes for a New Map. Recapitulations on Honduran Contemporary Art / Denisse Rondon.
546 ## - NOTA DE IDIOMA
Nota de lengua/lenguaje In Spanish and English.
650 #0 - PUNTO DE ACCESO ADICIONAL DE MATERIA--TÉRMINO DE MATERIA
Término de materia o nombre geográfico como elemento de entrada Art, Honduran
Subdivisión cronológica 21st century.
9 (RLIN) 1811
700 1# - ENTRADA AGREGADA--NOMBRE PERSONAL
Nombre de persona Vallecillo, Adán.
9 (RLIN) 1812
700 1# - ENTRADA AGREGADA--NOMBRE PERSONAL
Nombre de persona Cintra, Karenia.
9 (RLIN) 1813
700 1# - ENTRADA AGREGADA--NOMBRE PERSONAL
Nombre de persona Caballero, Ramón.
9 (RLIN) 1814
948 1# - PROCESAMIENTO DE INFORMACIÓN LOCAL (OCLC); DESIGNADOR DE PARTE DE LA SERIE (RLIN)
Designador de la parte de la serie, SPT (RLIN) 20120118
b (OCLC) c
c (OCLC) rhg9
d (OCLC) OSMC
Holdings
Estatus retirado Estado de pérdida Fuente del sistema de clasificación o colocación Estado de daño No para préstamo Biblioteca de origen Biblioteca actual Ubicación en estantería Fecha de adquisición Total de préstamos Signatura topográfica completa Código de barras Visto por última vez Precio de reemplazo Tipo de ítem Koha
    Clasificación Decimal Dewey     Biblioteca LadoV Biblioteca LadoV   28/11/2014   709.728.3V181o 000514 28/11/2014 28/11/2014 Material 01